| 000 | 00401nam a2200109 a 4500 | ||
|---|---|---|---|
| 008 | 120416s2004 ||||||||||||||||| || u | ||
| 050 | _aERB(058) | ||
| 245 | 0 | 0 | _aEnergy Regulation Board annual report 2004 |
| 260 |
_aLusaka _bERB _c2004 |
||
| 350 | _a0.00 | ||
| 995 |
_D0.00 _FCBU-MAIN LIBRARY (Kitwe) _H1 _I0.00 _M1 _UAVAILABLE _ZInternational Publications |
||
| 999 |
_c41887 _d41887 |
||